000 00701nam a2200217 a 4500
999 _c7738
_d7738
001 7738
003 BD-JhCC
005 20180213131256.0
008 180213b1989 bg |||| ||a| 000 0 ben d
035 _a(BD-JhCC) 7738
040 _aBD-JhCC
_dBD-JhCC
041 _aben
082 _a350.5
_bRAH 1989
100 _aরাহমান, মোহাম্মদ শামসুর
245 _aলোকপ্রশাসন সার /
_cমোহাম্মদ শামসুর রাহমান
260 _aঢাকা :
_bবাংলা একাডেমী ঢাকা ,
_c1989
300 _a186 p .:
_c22 cm .
650 _aPublic Administration
942 _2ddc
_cBK